Landlord and Tenant Act 1954 s38: failed applications (Record no. 73347)
[ view plain ]
| 000 -LEADER | |
|---|---|
| fixed length control field | 01036cam a2200217 4500 |
| 001 - CONTROL NUMBER | |
| control field | WB3933-08 |
| 008 - FIXED-LENGTH DATA ELEMENTS--GENERAL INFORMATION | |
| fixed length control field | 030903n2003 000 0 eng u |
| 035 ## - SYSTEM CONTROL NUMBER | |
| System control number | (Sirsi) u123488 |
| 245 ## - TITLE STATEMENT | |
| Title | Landlord and Tenant Act 1954 s38: failed applications |
| 260 ## - PUBLICATION, DISTRIBUTION, ETC. | |
| Date of publication, distribution, etc. | 2003 |
| 490 ## - SERIES STATEMENT | |
| Series statement | RICS Westminster News |
| Volume/sequential designation | 1 September 2003 (1) |
| 520 ## - SUMMARY, ETC. | |
| Summary, etc. | ODPM has published research on the way landlords and tenants involved in business tenancies contract out of the security of tenure provisions in the Landlord and Tenant Act 1954. Failed applications of the 1954 Act s38. http://www.odpm.gov.uk/stellent/groups/odpm_urbanpolicy/documents/page/odpm_urbpol_023608.pdf. For further information contact Oliver Foster, t +44 (0)20 7334 3838 or e [email protected]. |
| 590 ## - LOCAL NOTE (RLIN) | |
| Local note | WB |
| 650 ## - SUBJECT ADDED ENTRY--TOPICAL TERM | |
| Topical term or geographic name entry element | LANDLORD AND TENANT ACT 1954 S38 |
| 650 ## - SUBJECT ADDED ENTRY--TOPICAL TERM | |
| Topical term or geographic name entry element | OFFICE OF THE DEPUTY PRIME MINISTER |
| 650 ## - SUBJECT ADDED ENTRY--TOPICAL TERM | |
| Topical term or geographic name entry element | SECURITY OF TENURE |
| 650 ## - SUBJECT ADDED ENTRY--TOPICAL TERM | |
| Topical term or geographic name entry element | BUSINESS TENANCIES |
| 650 ## - SUBJECT ADDED ENTRY--TOPICAL TERM | |
| Topical term or geographic name entry element | RESEARCH REPORTS |
| 690 ## - LOCAL SUBJECT ADDED ENTRY--TOPICAL TERM (OCLC, RLIN) | |
| Topical term or geographic name as entry element | LANDLORD AND TENANT-BUSINESS TENANCIES |
| 942 ## - ADDED ENTRY ELEMENTS (KOHA) | |
| Suppress in OPAC | 0 |
| Withdrawn status | Lost status | Source of classification or shelving scheme | Damaged status | Not for loan | Home library | Current library | Shelving location | Date acquired | Total Checkouts | Full call number | Barcode | Date last seen | Copy number | Price effective from | Koha item type |
|---|---|---|---|---|---|---|---|---|---|---|---|---|---|---|---|
| Dewey Decimal Classification | London | London | News article | 03/09/2003 | WB3933-08 | 123488-1001 | 06/08/2019 | 1 | 06/08/2019 | News article |